LEADER 01172nam a2200241 i 4500 001 000000235908 003 CaOOAMICUS 005 20141118000000.0 008 141118s1858 it u000 u ita u 013 $a214812 040 $aSeMil$bita 100 1 $aCharvaz, André,$c.$0(OLS)http://semarc/name/12409 245 10$aOrigine dei Valdesi e carattere delle primitive loro dottrine :$bricerche istoriche /$cdi monsignore Andrea Charvaz ; versione del professore Giovanni Francesco Muratori, fatta su un testo corretto ed accresciuto dall'autore. 260 $aTorino :$bG. Bocca,$c1858. 300 $aXXIII, 512 p. ;$c23 cm. 650 4$aValdesi - Storia.$0(OLS)http://semarc/subject/3293 700 1 $aMuratori, Giovanni Francesco.$0(OLS)http://semarc/name/80610 850 $aSeMil 852 $aSeMil$W1$xVenegono$y1$m3C II 47 FA$j186254$B186254$CSeMilBibl$Z2$F197117 $8I 941 1 $a10 961 $aRecupero: Mantegazza 996 $6245$aOrigine dei Valdesi e carattere delle primitive loro dottrine :$bricerche istoriche$9(OLS)http://semarc/title/336186 996 $6260$aTorino :$bG. Bocca$9(OLS)http://semarc/publisher/54178 LEADER 00839nas a2200181 i 4500 001 000000004799 003 CaOOAMICUS 005 20180830125437.0 008 180830s1920 it u0 ita u 040 $aSeMil$bita 245 10$aScritti filosofici di Giovanni Gentile. 260 $aRoma :$bLaterza,$c1920. 300 $av. ;$c22 cm. 700 1 $aGentile, Giovanni,$d<1875-1944>.$0(OLS)http://semarc/name/1189 774 0 $aGentile, Giovanni <1875-1944>$tSommario di pedagogia come scienza filosofica.$dBari : Laterza, 1920.$g2$w()23536 774 0 $aGentile, Giovanni <1875-1944>$tSistema di logica come teoria del conoscere.$b2. ed. completa in 2 vol.$dBari : Laterza, 1922-1923.$g4$w()23538 996 $6245$aScritti filosofici di Giovanni Gentile$9(OLS)http://semarc/title/6920 996 $6260$aRoma :$bLaterza$9(OLS)http://semarc/publisher/31353